| 000 | nam a22 7a 4500 | ||
|---|---|---|---|
| 999 |
_c329781 _d329781 |
||
| 003 | NUST | ||
| 005 | 20170522125023.0 | ||
| 008 | 170522b xxu||||| |||| 00| 0 eng d | ||
| 020 | _a0534079695 | ||
| 040 | _c0 | ||
| 082 | _a547 MCM | ||
| 100 |
_aMcMurry,Susan _91271 |
||
| 245 |
_aStudy Guide and Solutions Manual Organic Chemistry _cSusan Mcmurry |
||
| 250 | _a2nd ed. | ||
| 260 |
_aCaliformia _bBrooks/Cole publishing _c1988 |
||
| 300 | _a532p. | ||
| 500 | _aP.B | ||
| 942 |
_2ddc _cBK _k547 MCM |
||